000 01021nam a2200241 i 4500
001 170778
003 ES-MaACL
005 20250808062742.0
008 090406s1953 sp |||| | lat d
245 0 0 _aPhilosophiae Scholasticae Summa.
_nI /
_cauctoribus Leovigildo Salcedo, Iesu Iturrioz.
260 _aMatriti :
_bLa Editorial Católica,
_c1953.
300 _aXXII, 893 p. ;
_c20 cm.
490 1 _aBiblioteca de autores cristianos ;
_v98
505 8 _aContiene : Introductio in philosophiam ; Logica ; Critica / Leovigildo Salcedo. Metaphysica generalis / Iesu Iturrioz
546 _aTexto en latín.
594 _aEn la anteport. : Professores Societatis Iesu facultatum philosophicarum in Hispania.
594 _aEn la anteport. : Ad mentem Constitutionis Apostolicae "Deus scientiarum Dominus"
700 1 _aIturrioz, Jesús.
_965638
700 1 _aSalcedo, Leovigildo.
_9139740
830 0 0 _aBiblioteca de autores cristianos
_v98
_9178679
852 _aES-MaACL
_jJ-96
_9R.46092
999 _c170778
_d170778